[Event "Imperia Corallo op-C 1st"]
[Site "Imperia"]
[Date "2006.11.26"]
[Round "4.2"]
[White "Semeria, Silvio"]
[Black "Borrelli, Luca"]
[Result "0-1"]
[WhiteElo "1392"]
[BlackElo "1434"]
[PlyCount "90"]
[EventDate "2006.11.24"]
[EventType "swiss"]
[EventRounds "5"]
[EventCountry "ITA"]
[SourceTitle "EXT 2024"]
[Source "ChessBase"]
[SourceDate "2023.10.10"]
[SourceVersion "1"]
[SourceVersionDate "2023.10.10"]
[SourceQuality "1"]

1. e4 e5 2. Nf3 Nh6 3. Nxe5 Qh4 4. Nc3 Bc5 5. Qe2 0-0 6. g3 Qf6 7. f4 Na6 8. Bh3 Qd6 9. d3 Qd4 10. Be3 Qb4 11. Bxd7 Bxd7 12. Nxd7 Rfd8 13. Nxc5 Nxc5 14. Bxc5 Qxc5 15. 0-0-0 b5 16. a3 b4 17. axb4 Qxb4 18. Nd5 Qd6 19. g4 Rab8 20. c4 a5 21. g5 c6 22. gxh6 cxd5 23. Qg2 Qxh6 24. Rhf1 Qb6 25. Kd2 Qxb2+ 26. Ke3 Qxg2 27. cxd5 Qh3+ 28. Rf3 Qxh2 29. Rc1 h5 30. Rc5 Ra8 31. Rf1 Qg3+ 32. Kd4 a4 33. Rfc1 a3 34. Kc3 a2 35. Kb2 Qg2+ 36. Ka1 h4 37. R1c2 Qg1+ 38. Rc1 Qd4+ 39. R5c3 h3 40. Kb2 a1Q+ 41. Kb3 Qa3+ 42. Kc2 h2 43. Rc8 Rdxc8+ 44. Kd2 h1Q 45. f5 Qdxd3# 0-1